000 00528nam a22001697a 4500
005 20231108090203.0
008 231108b |||||||| |||| 00| 0 eng d
020 _a0702128031
041 _aEnglish
082 _a346.3 VIS
100 _aVisser, PJ and Potgieter, JM
_lEnglish
245 _aLaw of Damages /
_cPJ Visser and PM Potgieter
260 _aCape Town :
_bJuta and Company Ltd,
_c1993
300 _blxxxviii, 457 pages ;
_c25 cm.
650 _aLegal practice
_bLaw
942 _cBK
_6ALISON_BN_VRIES
999 _c407
_d407